Liečebnopedagogická zodpovednosť za ľudí s postihnutím na prelome epoch

Bibliographic Details
Main Authors: Klein, Ferdinand (Author), Klein-Krušinová, Anna (Author)
Format: Article
Language:Slovak
Hungarian
ISSN:1335-1397
Subjects:

MARC

LEADER 00000nab a2200000 a 4500
001 vtls010507345
003 SK-MaSNL
005 20260305042020.0
008 250708c2011 xo |r|p|||an |000 b|slo
015 |a SNBRB2013/04 
035 |a urn:nbn:sk:snk-ab8aam 
035 |a (urnnbn)urn:nbn:sk:snk:ar-a07my2 
035 |a (uuid)1f064b44-aeff-4ad7-9541-40a3e47ed702 
038 |a SPK 
040 |a SNKBUCL  |b slo  |c SNKBUCL  |e AACR2 
041 1 |a slo  |b slo  |h hun 
044 |a xo  |c SK 
072 7 |a 376  |x Výchova a vzdelávanie zvláštnych skupín osôb  |2 konspekt 
072 7 |a 316  |x Sociológia  |2 konspekt 
080 |a 376  |2 2001 
080 |a 316.344.6-056.26/.3  |2 2001 
100 1 |a Klein, Ferdinand  |4 aut  |9 16825 
245 1 0 |a Liečebnopedagogická zodpovednosť za ľudí s postihnutím na prelome epoch  |c Ferdinand Klein ; Anna Klein-Krušinová 
504 |a Bibliogr. odkazy 
546 |a Res. slov. 
650 0 7 |a liečebná pedagogika  |2 snkbucl  |9 69067 
650 0 7 |a zdravotne postihnuté osoby  |2 snkbucl  |9 1249 
700 1 |a Klein-Krušinová, Anna  |4 aut  |9 505942 
773 0 |t Efeta - otvor sa  |g Roč. XXI., č. 1 (2011), s. 12-16  |x 1335-1397 
850 |a Slovenská národná knižnica 
852 |a Slovenská národná knižnica 
954 |a odborná, vedecká literatúra pôvodná (slovenská)  |2 lita 
958 |a article9 
958 |a NB  |2 spk 
958 |a OND 
958 |a EUIPO 
999 |c 3345942  |d 3347872